000 00681cab a2200205 4500
001 WB2337-04
008 090401t1987 xxu||||| |||| 00| 0 eng d
035 _a(Sirsi) u482
041 _aeng
245 _aNew guidelines for procurement
260 _c1987
350 _a0
490 _aContract Journal
_vvol 339 no 5630, 10/9/87 p5
520 _aReviews the results of a survey by E C Harris and Partners , which assesses the various methods of building services procurement and considers the advantages and disadvantages of each.
650 _aBUILDING PROCUREMENT
650 _aQuantity surveying
_96263
690 _aBUILT ENVIRONMENT
942 _n0
948 _c04/03/1997
999 _c213
_d213